000 01108nam0a22002411 4500
001 rc\764957
005 20260407143005.0
035 _a(NLR Aleph) 006292200
090 _a7161997
_c7161997
100 _a20040301d1985 |||y0rusy50 ca
101 0 _arus
102 _aRU
105 _aa |||||||||
200 1 _aРЕКОМЕНДАЦИИ по повышению безопасности ведения горноспасательных работ в уклонных полях большой протяженности
_e(По условиям вентиляции)
_fМ-во угол. пром-сти СССР, Всесоюз. упр. военизир. горноспасат. частей, ВНИИ горно-спасат. дела
210 _aДонецк
_cВНИИГД
_d1985
215 _a32 с.
_cсхем., номогр.
_d20
320 _aБиблиогр.: с. 30
712 0 2 _aВНИИ горноспасательного дела
_cДонецк
_3RU\NLR\AUTH\8810014296
_9526512
801 0 _aRU
_bNLR
_gpsbo
801 1 _aRU
_bELAR
_2rusmarc
852 _aNLR
_j87-4/10853
942 _cBOOK
980 _aNB